<?xml version="1.0" encoding="UTF-8"?>
<record
    xmlns:xsi="http://www.w3.org/2001/XMLSchema-instance"
    xsi:schemaLocation="http://www.loc.gov/MARC21/slim http://www.loc.gov/standards/marcxml/schema/MARC21slim.xsd"
    xmlns="http://www.loc.gov/MARC21/slim">

  <leader>03225nam a2200277 a 4500</leader>
  <controlfield tag="001">000020930</controlfield>
  <controlfield tag="003">DO-SdBNP</controlfield>
  <controlfield tag="005">20240709125417.0</controlfield>
  <controlfield tag="008">100824s1982    dr 000 0 spa d</controlfield>
  <datafield tag="040" ind1=" " ind2=" ">
    <subfield code="a">DO-SdBNP</subfield>
    <subfield code="b">spa</subfield>
    <subfield code="c">BPMSU </subfield>
  </datafield>
  <datafield tag="082" ind1=" " ind2=" ">
    <subfield code="a">330.97293</subfield>
    <subfield code="b">A367v 1982</subfield>
    <subfield code="2">22</subfield>
  </datafield>
  <datafield tag="100" ind1="1" ind2=" ">
    <subfield code="a">Alem&#xE1;n, Jos&#xE9; Luis</subfield>
  </datafield>
  <datafield tag="245" ind1="1" ind2="0">
    <subfield code="a">27 ensayos sobre econom&#xED;a y sociedad dominicanas /</subfield>
    <subfield code="c">Jos&#xE9; Luis Alem&#xE1;n.</subfield>
  </datafield>
  <datafield tag="246" ind1="1" ind2="3">
    <subfield code="a">Veintisiete ensayos sobre econom&#xED;a y sociedad dominicanas</subfield>
  </datafield>
  <datafield tag="260" ind1=" " ind2=" ">
    <subfield code="a">Santo Domingo :</subfield>
    <subfield code="b">UCMM,</subfield>
    <subfield code="c">1982.</subfield>
  </datafield>
  <datafield tag="300" ind1=" " ind2=" ">
    <subfield code="a">561 p. :</subfield>
    <subfield code="b">il., tablas ;</subfield>
    <subfield code="c">22 cm.</subfield>
  </datafield>
  <datafield tag="490" ind1="0" ind2=" ">
    <subfield code="a">Estudios,</subfield>
    <subfield code="v">74</subfield>
  </datafield>
  <datafield tag="504" ind1=" " ind2=" ">
    <subfield code="a">Incluye referencias bibliogr&#xE1;ficas  y notas al pie de p&#xE1;ginas </subfield>
  </datafield>
  <datafield tag="505" ind1="0" ind2=" ">
    <subfield code="a">Introducci&#xF3;n, 11.-- Problemas Agrarios, 13. / Influjo de la distribuci&#xF3;n de la tenencia de tierra en la Econom&#xED;a Dominicana, 15.-- Limitaci&#xF3;n de la propiedad rural, 24.-- La indemnizaci&#xF3;n en la reforma agraria, 41.-- Tendencias de la producci&#xF3;n agropecuaria dominicana 1966-1971, 49.-- An&#xE1;lisis del poder a nivel comunitario en Rep&#xFA;blica Dominicana, 57.-- Inversi&#xF3;n, Empleo, Tecnolog&#xED;a e Incentivos Industriales, 73. / La actitud empresarial en el desarrollo econ&#xF3;mico, 75.-- Problem&#xE1;tica socio-econ&#xF3;mica de las ganancias, 84.-- Ciencia. tecnolog&#xED;a y pol&#xED;tica de inversiones en Rep&#xFA;blica Dominicana 1966-1974, 96.-- La educaci&#xF3;n media y la industria metal mec&#xE1;nica, 142.-- El r&#xE9;gimen de incentivo a la producci&#xF3;n nacional, 157.-- Ley de incentivo industrial, 170.-- Problemas Regionales, 187. / Los polos de crecimiento y el desarrollo econ&#xF3;mico, 189.-- Distribuci&#xF3;n por sectores y por zonas geogr&#xE1;ficas de los gastos p&#xFA;blicos mensuales efectuados por el Gobierno Central en construcciones, 200.-- El futuro econ&#xF3;mico de Santiago de los Caballeros, 216.-- Perspectivas econ&#xF3;micas de Monse&#xF1;or Nouel, 239.-- Problemas de Poblaci&#xF3;n, 257. / Pol&#xED;ticas de desarrollo econ&#xF3;mico y poblaci&#xF3;n, 259.-- La prostituci&#xF3;n : sus determinantes econ&#xF3;micos, 307.-- Relaci&#xF3;n entre desarrollo econ&#xF3;mico y crecimiento de la poblaci&#xF3;n, 322.-- Sociedad y Econom&#xED;a, 333. / Introducci&#xF3;n a la sociolog&#xED;a de la educaci&#xF3;n dominicana, 335.-- Religi&#xF3;n y sociedad dominicana en los a&#xF1;os mil novecientos sesenta, 391.-- Discurso de agradecimiento en la recepci&#xF3;n del Premio Nacional de Ciencias, 417.-- Los derechos de los trabajadores en funci&#xF3;n de la empresa, 422.-- La econom&#xED;a de la corrupci&#xF3;n, 441.-- Introducci&#xF3;n a los discursos de V&#xED;ctor M. Espaillat Mera, 459.-- Reflexiones sobre teor&#xED;a econ&#xF3;mica, econom&#xED;a normativa y pol&#xED;tica econ&#xF3;mica, 493.-- Las consecuencias religiosas del proceso de unificaci&#xF3;n mundial de los patrones de consumo y de producci&#xF3;n, 513.-- An&#xE1;lisis comparativo de la Pol&#xED;tica Econ&#xF3;mica del Estado Dominicano : Gobierno del Dr. Joaqu&#xED;n Balaguer y Don Antonio Guzm&#xE1;n, 529.-- Listado cronol&#xF3;gico de libros y art&#xED;culos del autor.</subfield>
  </datafield>
  <datafield tag="590" ind1=" " ind2=" ">
    <subfield code="a">Inventariado, 2022/VM</subfield>
  </datafield>
  <datafield tag="651" ind1=" " ind2="4">
    <subfield code="a">Rep&#xFA;blica Dominicana</subfield>
    <subfield code="x">Condiciones Econ&#xF3;micas</subfield>
    <subfield code="x">Ensayos, Conferencias, etc.</subfield>
  </datafield>
  <datafield tag="651" ind1=" " ind2="4">
    <subfield code="a">Rep&#xFA;blica Dominicana</subfield>
    <subfield code="x">Condiciones sociales</subfield>
    <subfield code="x">Ensayos, conferencias, etc.</subfield>
  </datafield>
  <datafield tag="710" ind1="2" ind2=" ">
    <subfield code="a">Pontificia  Universidad Cat&#xF3;lica Madre y Maestra (Rep&#xFA;blica Dominicana)</subfield>
  </datafield>
  <datafield tag="910" ind1=" " ind2=" ">
    <subfield code="a">VMateo V./Validado. </subfield>
  </datafield>
  <datafield tag="942" ind1=" " ind2=" ">
    <subfield code="2">ddc</subfield>
    <subfield code="c">BK</subfield>
  </datafield>
  <datafield tag="952" ind1=" " ind2=" ">
    <subfield code="0">0</subfield>
    <subfield code="1">0</subfield>
    <subfield code="2">ddc</subfield>
    <subfield code="4">0</subfield>
    <subfield code="7">0</subfield>
    <subfield code="8">CD</subfield>
    <subfield code="a">BPMET</subfield>
    <subfield code="b">BPMET</subfield>
    <subfield code="d">2022-11-16</subfield>
    <subfield code="l">0</subfield>
    <subfield code="o">BPMSU CD 330.97293 A367v 1982</subfield>
    <subfield code="p">BPMSU22110017</subfield>
    <subfield code="r">2022-11-16</subfield>
    <subfield code="w">2022-11-16</subfield>
    <subfield code="y">BK</subfield>
  </datafield>
  <datafield tag="952" ind1=" " ind2=" ">
    <subfield code="0">0</subfield>
    <subfield code="1">0</subfield>
    <subfield code="2">ddc</subfield>
    <subfield code="4">0</subfield>
    <subfield code="7">0</subfield>
    <subfield code="8">CD</subfield>
    <subfield code="a">BPMET</subfield>
    <subfield code="b">BPMET</subfield>
    <subfield code="d">2022-11-16</subfield>
    <subfield code="l">0</subfield>
    <subfield code="o">BPMSU CD 330.97293 A367v 1982</subfield>
    <subfield code="p">BPMSU24070039</subfield>
    <subfield code="r">2024-07-09</subfield>
    <subfield code="t">v.2</subfield>
    <subfield code="w">2022-11-16</subfield>
    <subfield code="y">BK</subfield>
  </datafield>
  <datafield tag="999" ind1=" " ind2=" ">
    <subfield code="c">14331</subfield>
    <subfield code="d">14331</subfield>
  </datafield>
</record>
